书目信息 |
| 题名: |
交通安全的思与辨
|
|
| 作者: | 郭腾峰 著 | |
| 分册: | ||
| 出版信息: | 北京 人民交通出版社股份有限公司 2019.05 |
|
| 页数: | 209页 | |
| 开本: | 23cm | |
| 丛书名: | ||
| 单 册: | ||
| 中图分类: | X951 | |
| 科图分类: | ||
| 主题词: | 交通运输安全--jiao tong yun shu an quan--研究--中国 | |
| 电子资源: | ||
| ISBN: | 978-7-114-15369-3 | |
| 000 | 01362nam0 2200265 450 | |
| 001 | 202019134324 | |
| 005 | 20191002113834.0 | |
| 010 | @a978-7-114-15369-3@dCNY50.00 | |
| 100 | @a20190928d2019 em y0chiy50 ea | |
| 101 | 0 | @achi |
| 102 | @aCN@b110000 | |
| 105 | @aak z 000yy | |
| 106 | @ar | |
| 200 | 1 | @a交通安全的思与辨@Ajiao tong an quan de si yu bian@e从重大事故谈我国道路交通安全现状与问题@f郭腾峰著 |
| 210 | @a北京@c人民交通出版社股份有限公司@d2019.05 | |
| 215 | @a209页@c图@d23cm | |
| 312 | @a英文题名取自封面 | |
| 330 | @a本书是作者结合“陕西安康京昆高速8.10特别重大道路交通事故”“陕西咸阳5.15特别重大道路交通事故”“甘肃11.3兰海高速公路重大道路交通事故”等重大事故编写的多篇相关问题讨论文章的汇编。作者希望通过这些文章, 能为相关部门、民众客观认识我国道路交通安全形势与存在问题, 准确辨识事故原因与人、车、路、环境与管理等因素之间的关系, 及时把握我国交通安全的主要矛盾和关键问题, 进而开展针对性治理与处置, 有效遏制各类交通事故发生等, 提供参考。 | |
| 510 | 1 | @aThinking and identification of traffic safety@zeng |
| 517 | 1 | @a从重大事故谈我国道路交通安全现状与问题@Acong zhong da shi gu tan wo guo dao lu jiao tong an quan xian zhuang yu wen ti |
| 606 | 0 | @a交通运输安全@Ajiao tong yun shu an quan@x研究@y中国 |
| 690 | @aX951@v5 | |
| 701 | 0 | @a郭腾峰@Aguo teng feng@4著 |
| 801 | 0 | @aCN@c20190905 |
| 905 | @a河南城建学院图书馆@dX951@eG841 | |
| 交通安全的思与辨:从重大事故谈我国道路交通安全现状与问题/郭腾峰著.-北京:人民交通出版社股份有限公司,2019.05 |
| 209页:图;23cm |
| ISBN 978-7-114-15369-3:CNY50.00 |
| 本书是作者结合“陕西安康京昆高速8.10特别重大道路交通事故”“陕西咸阳5.15特别重大道路交通事故”“甘肃11.3兰海高速公路重大道路交通事故”等重大事故编写的多篇相关问题讨论文章的汇编。作者希望通过这些文章, 能为相关部门、民众客观认识我国道路交通安全形势与存在问题, 准确辨识事故原因与人、车、路、环境与管理等因素之间的关系, 及时把握我国交通安全的主要矛盾和关键问题, 进而开展针对性治理与处置, 有效遏制各类交通事故发生等, 提供参考。 |
| ● |
| 相关链接 |
|
|
|
正题名:交通安全的思与辨
索取号:X951/G841
 
预约/预借
| 序号 | 登录号 | 条形码 | 馆藏地/架位号 | 状态 | 备注 |
| 1 | 1442225 | 214422258 | 自科库501/501自科库 122排2列3层/ [索取号:X951/G841] | 在馆 | |
| 2 | 1442226 | 214422267 | 自科库501/501自科库 122排2列4层/ [索取号:X951/G841] | 在馆 |